Most Visited Countries by British - Statistics

General Stats
  • This quiz has been taken 1,831 times
  • The average score is 9 of 10
Answer Stats
Rank Country % Correct
6. Spain
99%
3. United States
99%
1. France
98%
2. Germany
95%
4. Italy
94%
7. Ireland
91%
5. Netherlands
80%
9. Australia
79%
8. Belgium
76%
10. Sweden
59%
No matching quizzes found
Score Distribution
Percent of People with Each Score
Percentile by Number Answered
Your Score History
You have not taken this quiz